000 00835nam a2200253 i 4500
003 DO-SdBNP
005 20240311153653.0
007 ta
008 240311b1896 fr ||||| |||| 00| 0 spa d
040 _aDO-SdBNP
_bspa
_cBNPHU
_erda
082 4 _222
100 _aCarrel, Armando,
_eautor
_985013
245 1 0 _aEnsayo sobre la vida y los escritos de P. L. Courrier /
_cArmando Carrel, traducción, Ricardo Fuente
264 _aParis :
_bGarnier Hemanos,
_c1896.
300 _a426 páginas ;
_c18 cm.
336 _2rdacontent
_atexto
_btxt
337 _2rdamedia
_asin mediación
_bn
338 _2rdacarrier
_avolumen
_bnc
500 _aIncluye referencias bibliográficas y notas al pie de las páginas
590 _aInventariado, 2024/BT
700 1 _aFuente, Ricardo,
_etraducción
_985014
910 _aBtavárez
942 _2ddc
_cLBS1
999 _c56071
_d56071